| Tag |
First Indicator |
Second Indicator |
Subfields |
| LEADER |
00000nmm a22000001a 4500 |
| 001 |
in00004628792 |
| 006 |
m|||||o||m|||||||| |
| 007 |
cr|cn |||uuuuu |
| 008 |
221118s2013 xxu||||do|||| ||||||eng d |
| 005 |
20221207222025.1 |
| 035 |
|
|
|a (TxWaIVM)IV12699ArAr
|
| 040 |
|
|
|a TxWaIVM
|c TxWaIVM
|
| 245 |
0 |
0 |
|a Archie #26 /
|c powered by Library Pass.
|
| 260 |
3 |
|
|a [United States] :
|b Archie Comics,
|c 2013.
|
| 300 |
|
|
|a 1 online resource.
|
| 336 |
|
|
|a text
|b txt
|2 rdacontent
|
| 337 |
|
|
|a computer
|b c
|2 rdamedia
|
| 338 |
|
|
|a online resource
|b cr
|2 rdacarrier
|
| 520 |
|
|
|a This classic book features OVER 40 PAGES of classic stories, some of which have never been reprinted! "The Patch Hop." The most dangerous day in Riverdale High history has arrived - Patch Day! Girls grab their running shoes in hopes of catching a handsome young man and sewing her patch into his pants! Once branded, the boy must take his seamstress to the dance. The male students are ducking and hiding, with the ultimate wish of not getting caught! Following Jughead's capture, Archie tries to avoid the grasp of his admirer Esmerelda. How long can he avoid his biggest fan? DISCLAIMER: The stories, characters, and incidents in this publication are entirely fictional. This publication contains material that was originally created in a less racially and socially sensitive time in our society and reflects attitudes that may be represented as offensive today. The stories are represented here without alteration for historical reference.
|
| 521 |
|
|
|a 2
|
| 538 |
|
|
|a Requires a valid library card and registration for new users.
|
| 538 |
|
|
|a Mode of access: World Wide Web.
|
| 538 |
|
|
|a System requirements: Flash 10.1 or higher, Windows XP and higher, Internet Explorer 7 and higher, Firefox 3.6 and higher, Google Chrome; Max OS 10.5 and higher, Safari 4 and higher.
|
| 650 |
|
0 |
|a Humor
|
| 655 |
|
7 |
|a Electronic books.
|2 local
|
| 655 |
|
7 |
|a Humor
|2 gsafd
|
| 650 |
|
0 |
|a Romance comic books, strips, etc.
|
| 655 |
|
7 |
|a Romance comic books, strips, etc.
|2 gsafd
|
| 700 |
1 |
|
|a , Bill Vigoda.
|e writer.
|
| 700 |
1 |
|
|a Novick, Irv.
|e writer.
|
| 700 |
1 |
|
|a , Al Fagaly.
|e artist.
|
| 700 |
1 |
|
|a Novick, Irv.
|e artist.
|
| 710 |
2 |
|
|a Library Pass, LLC.
|
| 856 |
4 |
0 |
|u http://proxy.library.tamu.edu/login?url=https://tamu.librarypass.com/product/com.iversecomics.archie.comics.archie.twenty.six.09052012
|z Connect to this electronic book (First time users create your free account)
|t 0
|
| 955 |
|
|
|a Comics Plus.
|
| 999 |
f |
f |
|s 1c926723-02e4-436d-8e08-f3157099941b
|i 7bc8a0ee-8e0f-47f5-9356-5f66f6a72662
|t 0
|
| 952 |
f |
f |
|a Texas A&M University
|b College Station
|c Electronic Resources
|d Available Online
|t 0
|h Library of Congress classification
|
| 998 |
f |
f |
|t 0
|l Available Online
|